<?xml version="1.0" encoding="UTF-8"?>
<collection xmlns="http://www.loc.gov/MARC21/slim">
 <record>
  <leader>01608nab a2200253 i 4500</leader>
  <controlfield tag="001">publ17098</controlfield>
  <controlfield tag="005">20191014095324.0</controlfield>
  <controlfield tag="008">191014s2019    hu      o     0||   zxx d</controlfield>
  <datafield tag="022" ind1=" " ind2=" ">
   <subfield code="a">1233-9687</subfield>
  </datafield>
  <datafield tag="024" ind1="7" ind2=" ">
   <subfield code="a">10.5114/pjp.2019.87105</subfield>
   <subfield code="2">doi</subfield>
  </datafield>
  <datafield tag="024" ind1="7" ind2=" ">
   <subfield code="a">30842250</subfield>
   <subfield code="2">mtmt</subfield>
  </datafield>
  <datafield tag="040" ind1=" " ind2=" ">
   <subfield code="a">SZTE Publicatio Repozitórium</subfield>
   <subfield code="b">hun</subfield>
  </datafield>
  <datafield tag="041" ind1=" " ind2=" ">
   <subfield code="a">zxx</subfield>
  </datafield>
  <datafield tag="100" ind1="1" ind2=" ">
   <subfield code="a">Cserni Gábor</subfield>
  </datafield>
  <datafield tag="245" ind1="1" ind2="0">
   <subfield code="a">Spontaneous pathological complete regression of high-grade triple-negative breast cancer with axillary metastasis.</subfield>
   <subfield code="h">[elektronikus dokumentum] /</subfield>
   <subfield code="c"> Cserni Gábor</subfield>
  </datafield>
  <datafield tag="260" ind1=" " ind2=" ">
   <subfield code="c">2019</subfield>
  </datafield>
  <datafield tag="300" ind1=" " ind2=" ">
   <subfield code="a">139-143</subfield>
  </datafield>
  <datafield tag="490" ind1="0" ind2=" ">
   <subfield code="a">POLISH JOURNAL OF PATHOLOGY</subfield>
   <subfield code="v">70 No. 2</subfield>
  </datafield>
  <datafield tag="520" ind1="3" ind2=" ">
   <subfield code="a">We report on a breast carcinoma with medullary features diagnosed by core needle biopsy in a 72-year-old woman. Both the primary tumour and its fine needle aspiration-proven, rapidly growing axillary metastasis regressed completely in less than 2 months, by the time surgery was performed. The biopsy of the primary tumour demonstrated a dense stromal infiltrate of CD8+/granzyme B+ activated cytotoxic T-cells suggestive of a robust antitumour immune response. Paradoxically, both tumour cells and tumour infiltrating immune cells demonstrated a diffuse PD-L1 expression, revealing that antitumour immune response has the ability to spontaneously overcome inhibitory mechanisms induced by cancerous growth.</subfield>
  </datafield>
  <datafield tag="700" ind1="0" ind2="1">
   <subfield code="a">Serfőző Orsolya</subfield>
   <subfield code="e">aut</subfield>
  </datafield>
  <datafield tag="700" ind1="0" ind2="1">
   <subfield code="a">Ambrózay Éva</subfield>
   <subfield code="e">aut</subfield>
  </datafield>
  <datafield tag="700" ind1="0" ind2="1">
   <subfield code="a">Markó László</subfield>
   <subfield code="e">aut</subfield>
  </datafield>
  <datafield tag="700" ind1="0" ind2="1">
   <subfield code="a">Krenács László</subfield>
   <subfield code="e">aut</subfield>
  </datafield>
  <datafield tag="856" ind1="4" ind2="0">
   <subfield code="u">http://publicatio.bibl.u-szeged.hu/17098/1/PolJPathol-2019-70-139-143-SpontRegrTNBC.pdf</subfield>
   <subfield code="z">Dokumentum-elérés </subfield>
  </datafield>
 </record>
</collection>
